Los verdes de mayo hasta el mar
I tiakina i:
| Kaituhi matua: | |
|---|---|
| Hōputu: | Pukapuka |
| Reo: | Pāniora |
| I whakaputaina: |
Barcelona
Seix Barral
1976
|
| Rangatū: | Biblioteca Breve. Novela, 399
|
| Ngā marau: | |
| Ngā Tūtohu: |
Tāpirihia he Tūtohu
Kāore He Tūtohu, Me noho koe te mea tuatahi ki te tūtohu i tēnei pūkete!
|
MARC
| LEADER | 00000nam a2200000 a 4500 | ||
|---|---|---|---|
| 001 | UCQ5644 | ||
| 003 | CL-VaPUC | ||
| 008 | 981002e19760000SP |||||||||||||||||spa|d | ||
| 082 | 0 | 4 | |a 863 |b GOY |2 21 |
| 100 | 0 | |a Goytisolo, Luis |e author |9 378242 | |
| 245 | 1 | 4 | |a Los verdes de mayo hasta el mar |
| 300 | |a 310 p | ||
| 942 | |c BK | ||
| 945 | |d 19981002 00:00:00 |a crobeson | ||
| 260 | |a Barcelona |b Seix Barral |c 1976 | ||
| 650 | 0 | |a Novelas españolas |9 265052 | |
| 650 | 0 | |a Literatura española |9 306261 | |
| 583 | |a last modification |c 19981002 00:00:00 |k Rodrigo Vera | ||
| 490 | 0 | |a Biblioteca Breve. Novela, 399 | |
| 999 | |c 275849 |d 275847 | ||
| 952 | |0 0 |1 0 |4 0 |6 863_000000000000000_GOY_1976 |7 0 |8 A |9 312696 |a BIBEDU |b BIBEDU |d 2019-11-20 |i 1475460 |o 863 GOY 1976 |p 1475460 |r 2019-11-20 |w 2019-11-20 |y BK |k LIT | ||